MDQL
is popping MORE tags! Check the
thread
!
Quizzes
Events
Quiz Creation
Community
Videos
Private Events
Remove Ads
Sign In
Join for FREE
Feedback
Dark Mode
Quiz Categories
Sports
Geography
Music
Movies
Television
Just For Fun
Miscellaneous
History
Literature
Language
Science
Gaming
Entertainment
Religion
Holiday
For Kids
Quiz Lab
Recent
Popular Today
Quiz Kudos Today
Editor Picks
Curator Picks
Quizzes by...
Day
Popularity
Type
Ratings
Length
Year
Community
Subscriptions
Recent Discussions
Orange Saloon
Badges
Playlists
Quests
Create
Leaderboards
Showdown
Live 5
Trivia Bingo
Activity
Puzzle Library
Sporcle Events
Private Events
Virtual Trivia
Globe League
Become a Host
Pub Owners
SporcleCon
Opinionation
Our Games
Videos
Blog
Mobile Apps
Partnerships
Remove Ads and Go Orange
Feedback
Just For Fun
Clickable
Get the Picture
Humor
Quick Pick
Word Ladder
Missing Word
Mixed Word
Blitz
Minefield
This or That
Alphabet
Color
Typing
Sporcle
Puzzle
Word Play
Follow That Line
Logic
Just For Fun
Clickable
Get the Picture
Humor
Quick Pick
Word Ladder
Missing Word
Mixed Word
Blitz
Minefield
This or That
Alphabet
Color
Typing
Sporcle
Puzzle
Word Play
Follow That Line
Logic
Random Quiz
Search Sporcle
×
Quiz Lab
Quiz Lab
Just For Fun
Numbers
Type in answers that appear in a list
Type in answers that appear in a list
Classic
Best Score? Go Orange.
Missing Pokemon in Episode Titles Stats
Can you name the Pokemon names that are missing from the episode titles?
By
Smyth18
5m
33 Questions
80 Plays
80 Plays
80 Plays
Comments
Comments
Give Quiz Kudos
Give Quiz Kudos
-
- Ratings
hide this ad
Forced Order
Answers have to be entered in order
Answers have to be entered in order
Replay
Link that replays current quiz
Next Quiz
Link to next quiz in quiz playlist
You Got
0%
They Got
Avg Score
66%
Avg Friend Score
Upgrade to see
Score Distribution
Jump to the score distribution portion of the page
Score
0/33
Timer
05:00
0
Plays Today
Episode Title
Pokemon name
% Correct
_
_
_
_
_
_
_
_
and the Moon Stone
Clefairy
95%
Here comes the _
_
_
_
_
_
_
Squad
Squirtle
88.8%
Bye Bye _
_
_
_
_
_
_
_
_
_
Butterfree
85%
_
_
_
_
_
_
_
_
and the Hidden Village
Bulbasaur
82.5%
_
_
_
_
_
_
_
and the Psychic Showdown
Abra
82.5%
Dig those _
_
_
_
_
_
_
_
Diglett
81.3%
_
_
_
_
_
_
_
_
-
the Stray Pokemon
Charmander
78.8%
_
_
_
_
_
_
_
_
_
_
Goes Bananas
Primeape
77.5%
Holiday Hi-
_
_
_
_
_
Jynx
77.5%
The Song of _
_
_
_
_
_
_
_
_
_
Jigglypuff
76.3%
Wake Up _
_
_
_
_
_
_
_
!
Snorlax
72.5%
So Near, Yet So _
_
_
_
_
_
_
_
_
Farfetch'd
68.8%
The Battling _
_
_
_
_
_
_
_
Brothers
Eevee
67.5%
Who Get to Keep _
_
_
_
_
_
_
_
?
Togepi
67.5%
_
_
_
_
_
_
_
_
_
_
's Mysterious Garden
Bulbasaur
67.5%
Sparks Fly for _
_
_
_
_
_
_
_
_
Magnemite
66.3%
To Master the _
_
_
_
pected!
Onix
66.3%
Episode Title
Pokemon name
% Correct
_
_
_
_
_
_
_
's Naptime
Hypno
65%
_
_
_
_
_
_
_
_
's Goodbye
Pikachu
65%
Electric Soldier _
_
_
_
_
_
_
_
_
_
Porygon
60%
The _
_
_
_
_
_
_
_
_
Kid
Kangaskhan
57.5%
A _
_
_
_
_
_
_
_
_
Operation
Chansey
57.5%
Go West Young _
_
_
_
_
_
_
_
Meowth
57.5%
_
_
_
_
_
_
_
_
's Mysterious Mansion
Ditto
56.3%
The Problem with _
_
_
_
_
_
_
_
_
Paras
56.3%
_
_
_
_
_
_
_
_
_
versus _
_
_
_
_
_
_
_
_
_
Haunter Kadabra
55%
The Legend of _
_
_
_
_
_
_
_
_
_
Dratini
53.8%
Beach Blank-
Out _
_
_
_
_
_
_
_
_
Blastoise
53.8%
Make Room for _
_
_
_
_
_
_
_
_
Gloom
52.5%
_
_
_
_
_
_
_
& _
_
_
_
_
_
_
_
Tentacool and Tentacruel
51.3%
The March of the _
_
_
_
_
_
_
_
_
_
Squad
Exeggutor
48.8%
It's _
_
_
_
_
_
_
_
Time
Mr. Mime
45%
_
_
_
_
_
_
_
_
Tales
Clefairy
43.8%
Quiz Playlist
Details
Report
Send in Message
Add To Playlist
Classic:
Type in answers that appear in a list
Forced Order:
Answers have to be entered in order
Last Updated: Feb 16, 2017
Quiz Scoreboard
CHALLENGE
Sign Up to Join the Scoreboard
Show All
Scores
Hide
Comments
May contain spoilers
Recently Published
5x2 Blitz: Bands
by SL_Kpop136
Music
30s
Colored Red Africa Blitz
by spor1
Geography
30s
Find the 'City' Movie
by crazypaving
Movies
60s
More to Explore
Quiz From the Vault
Featured Blog Post
14 Easter Pick-up Lines to Find Eggs With
hide this ad
You Might Also Like...
Tags
Numbers Quiz
Pokémon Quiz
episode
Today's Top Quizzes in Just For Fun
Browse Just For Fun
hide this ad
Today's Top Quizzes in Numbers
Browse Numbers
Top Contributed Quizzes in Just For Fun
1
Name Just One - 10 to 1: Just For Fun
2
Ultimate Minefield Blitz VIII
3
Yarn Creations Logic Puzzle
4
Taylor Swift Logic Puzzle (Songs)
5
Kpop zombie apocalypse mystery (logic puzzle)
6
Survivor Winners Logic Puzzle
7
Quick 5-Color Logic (18)
8
Killer Double Trees 116 - Colour Mis-Match
9
Killer Double Trees 104 - Colour Mis-Match
10
Kyle's 122nd Triple Trees
Explore More
Trending Topics
Harry Potter
Disney
Crossword
Marvel
NBA
Anime
Kpop
WWE
Song
The Office
NFL
Country
Puzzle
Pokémon
Soccer
hide this ad
More By:
Smyth18
Quiz
Plays
Rating
Category
Featured
Created
Animals Mentioned in the Bible
80,226
4.22
Religion
Oct 25, 2010
'Country' Quiz: Hong Kong
2,239
4.19
Geography
Aug 30, 2010
Michael Jackson Fill In The Blanks
972
4.50
Music
Sep 15, 2010
Hong Kong's Tallest Buildings
289
1.00
Miscellaneous
Aug 30, 2010
Notorious B.I.G. Fill In The Blanks
261
Music
Sep 17, 2010
Go to Creator's Profile
Score Distribution
Quiz Creator Spotlight
Smyth18
Follow
Send a Message
Quizzes Created
-
Created Quiz Play Count
-
More By This Creator
Popular Quizzes Today
1
Find the 'City' Movie
2
5x2 Blitz: Bands
3
Colored Red Africa Blitz
4
The Countries of the World
5
Find the US States - No Outlines Minefield
6
Find the US States
7
9x9 Crossword: Cartoon Network
8
US States
More Just For Fun Quizzes
Crossword - One Direction
Quiz Lab
Trending Quizzes
Colored Red Africa Blitz II
Colored Red Europe Blitz I
Colored Red Africa Blitz III
Colored Red Europe Blitz II
Colored Red Europe Blitz III
Recently Updated
Champions League XIs: Real Madrid
pecheneg
Largest US Cities 1790-2010
pecheneg
Rides in Walt Disney World
pecheneg
Most Oscar Losses (Acting)
pecheneg
Beyoncé Albums
pecheneg
Leaping Animals
pecheneg
Reality TV Shows (A-Z)
bhenderson79
Rickey Henderson's Hall of Fame Teammates
pecheneg
Champions League XIs: Arsenal
pecheneg
Quick Pick: Celebrities in WWE's Hall of Fame
aduchscher
Trending Topics
Disney
Harry Potter
Anime
Crossword
Marvel
Kpop
NBA
Song
Soccer
NFL
Pokémon
Country
WWE
The Office
Puzzle
Your Account Isn't Verified!
In order to create a playlist on Sporcle, you need to verify the email address you used during registration. Go to your
Sporcle Settings
to finish the process.
Report this User
Report this user for behavior that violates our
Community Guidelines
.
Details:
Send Report
Go to the Sporcle.com Mobile Site →
Comments